[Event "IECC O email"]
[Site "IECC email"]
[Date "2003.04.16"]
[Round "?"]
[White "Heyvaert, Philippe"]
[Black "Etten, Matthew"]
[Result "1-0"]
[WhiteElo "1159"]
[BlackElo "950"]
[PlyCount "47"]
[EventDate "2003.??.??"]
[EventType "tourn (corr)"]
[EventRounds "6"]
[SourceTitle "Corr 2008"]
[Source "ChessBase"]
[SourceDate "2008.06.24"]
[SourceVersion "1"]
[SourceVersionDate "2008.06.24"]
[SourceQuality "1"]

1. e4 e5 2. Bc4 Nf6 3. d4 Nc6 4. Nf3 exd4 5. Bg5 h6 6. Bxf6 Qxf6 7. 0-0 Bb4 8. a3 Bd6 9. Nbd2 a6 10. Nb3 Ne5 11. Nxe5 Qxe5 12. f4 Qxe4 13. Re1 Qe7 14. Rxe7+ Bxe7 15. Qe2 b5 16. Re1 0-0 17. Bd3 g6 18. Qxe7 a5 19. Nxd4 Ra6 20. Nxb5 Rb6 21. b3 d6 22. Qxc7 Bf5 23. Qxb6 g5 24. Bxf5 1-0

[Event "IECC M email"]
[Site "IECC email"]
[Date "2003.04.14"]
[Round "?"]
[White "Etten, Ben"]
[Black "Etten, Matthew"]
[Result "1-0"]
[WhiteElo "756"]
[BlackElo "1000"]
[PlyCount "35"]
[EventDate "2003.??.??"]
[EventType "tourn (corr)"]
[EventRounds "6"]
[SourceTitle "Corr 2008"]
[Source "ChessBase"]
[SourceDate "2008.06.24"]
[SourceVersion "1"]
[SourceVersionDate "2008.06.24"]
[SourceQuality "1"]

1. c4 g6 2. d4 e6 3. Bd2 Nc6 4. e3 Nf6 5. Nf3 b6 6. g3 Bb4 7. Bg2 d5 8. a3 a5 9. axb4 dxc4 10. b5 Nb4 11. Bxb4 Ne4 12. Ne5 Bb7 13. Nc6 Qd5 14. Nc3 Nxc3 15. Bxc3 Qxg2 16. Ke2 0-0 17. d5 exd5 18. Ne7# 1-0

[Event "IECC M email"]
[Site "IECC email"]
[Date "2003.04.14"]
[Round "?"]
[White "Etten, Matthew"]
[Black "Etten, Ben"]
[Result "0-1"]
[WhiteElo "975"]
[BlackElo "776"]
[PlyCount "114"]
[EventDate "2003.??.??"]
[EventType "tourn (corr)"]
[EventRounds "6"]
[SourceTitle "Corr 2008"]
[Source "ChessBase"]
[SourceDate "2008.06.24"]
[SourceVersion "1"]
[SourceVersionDate "2008.06.24"]
[SourceQuality "1"]

1. e4 g6 2. e5 Nc6 3. d4 d6 4. g3 dxe5 5. d5 Nd4 6. Nf3 Nxf3+ 7. Qxf3 f5 8. Nc3 Nf6 9. Bb5+ Bd7 10. Qd3 a6 11. Bxd7+ Qxd7 12. 0-0 e4 13. Qc4 b5 14. Qc6 Qxc6 15. dxc6 Rd8 16. Rd1 b4 17. Bf4 bxc3 18. bxc3 Nd5 19. Rab1 e6 20. Bxc7 Nxc7 21. Rxd8+ Kxd8 22. a3 Bxa3 23. Rb8+ Ke7 24. Rxh8 Kd6 25. Rxh7 Kxc6 26. Rg7 Bb2 27. Rxg6 Kd5 28. g4 Ke5 29. Kg2 Nd5 30. h4 Nf4+ 31. Kg3 Nxg6 32. h5 Nf4 33. h6 Ne2+ 34. Kh4 Bxc3 35. g5 Nf4 36. Kg3 Ng6 37. f3 e3 38. f4+ Kd5 39. Kf3 e5 40. fxe5 Bxe5 41. Kxe3 f4+ 42. Kd3 Bd6 43. h7 Be7 44. c3 Bxg5 45. c4+ Kc5 46. Ke4 a5 47. Kf5 Nh8 48. Kxg5 a4 49. Kf6 a3 50. Kg7 a2 51. Kxh8 a1Q+ 52. Kg8 f3 53. h8Q Qxh8+ 54. Kxh8 f2 55. Kg7 f1Q 56. Kg6 Kxc4 57. Kg7 Kd5 0-1